| 000 | 00352nam a22001337a 4500 | ||
|---|---|---|---|
| 005 | 20250711171814.0 | ||
| 008 | 250711b |||||||| |||| 00| 0 eng d | ||
| 050 |
_aBT75 _b.2SCH |
||
| 100 | _aSCHMANS MICHAEL | ||
| 245 |
_aDOGMA; _bJUSTIFICATION AND THE LAST THINGS |
||
| 260 |
_aLONDON _bSHEED AND WARD _cc1977 |
||
| 300 | _axii, 276p | ||
| 942 |
_2lcc _cBK _n0 |
||
| 999 |
_c6922 _d6922 |
||